| 000 | 01087nam a2200349 i 4500 | ||
|---|---|---|---|
| 003 | EG-GICUC | ||
| 005 | 20260308113017.0 | ||
| 008 | 260305s1987 fr ||||fr|||| 001 0 fre d | ||
| 020 | _a2711107612 | ||
| 040 |
_aEG-GiCUC _bfre _cEG-GiCUC _dEG-GiCUC _eRda |
||
| 041 | _afre | ||
| 082 | 0 | 4 |
_221 _a341.762 _bGA.D |
| 092 | 0 | 4 | _221 |
| 099 | _aLaw1 11 341.762 GA.D 1987 | ||
| 100 | 1 |
_a Gazzaniga , Jean Louis _eAuteur |
|
| 245 |
_aLe Droit De L'eau : _bSupplément à jour au 1er septembre 1987 / _cJean Louis Gazzaniga . |
||
| 264 |
_aParis : _blitec , _c1987 . |
||
| 300 |
_a150 page ; _c 24 cm. |
||
| 336 |
_2rda contenu _a texte |
||
| 337 |
_2rda medias _aOrdinateur |
||
| 338 |
_2 transporteur rda _a Ressource en ligne |
||
| 500 | _aIncludes Index Pages 147-150. | ||
| 546 | _aTexte en français | ||
| 650 | 1 | _aRessources naturelles | |
| 650 | 1 | _aProtection | |
| 650 | 1 | _a Droit international | |
| 651 | 1 | _2qrmak | |
| 700 | 1 |
_aJean-Paul OURIAG _eContributeur |
|
| 856 | 4 | 0 | _uhttps://fll.law.cu.edu.eg/fulltext/bks/B11-09396.pdf |
| 905 | _a60 | ||
| 942 |
_2ddc _cBK _e21 _n0 |
||
| 999 |
_c65137 _d65137 |
||